000 00562nam a2200205Ia 4500
005 20240509094855.0
008 131103s9999 xx 000 0 und d
020 _a0-7069-7099-3
_cRs.28.00
040 _aLoreto College
041 _aEnglish
082 _a428
_bGOV
100 _aGovil, Meera
245 _aExplorations
_b graded english for middle school
_cMeera Govil and Vijaya Subramaniam
260 _aNew Delhi
_bVikas pub.
_c1993
300 _a247p.
650 _aEnglish reader
700 _aSubramaniam, Vijaya
850 _aLCBED
942 _cBK
999 _c30400
_d80879